<?xml version="1.0" encoding="UTF-8"?>
<record
    xmlns:xsi="http://www.w3.org/2001/XMLSchema-instance"
    xsi:schemaLocation="http://www.loc.gov/MARC21/slim http://www.loc.gov/standards/marcxml/schema/MARC21slim.xsd"
    xmlns="http://www.loc.gov/MARC21/slim">

  <leader>00937nam a22001937a 4500</leader>
  <datafield tag="952" ind1=" " ind2=" ">
    <subfield code="0">0</subfield>
    <subfield code="1">0</subfield>
    <subfield code="2">lcc</subfield>
    <subfield code="4">0</subfield>
    <subfield code="7">0</subfield>
    <subfield code="a">22</subfield>
    <subfield code="b">22</subfield>
    <subfield code="d">2017-07-27</subfield>
    <subfield code="l">6</subfield>
    <subfield code="o">C K3150 G5618 2012</subfield>
    <subfield code="p">06 003677</subfield>
    <subfield code="r">2019-05-14</subfield>
    <subfield code="s">2019-05-14</subfield>
    <subfield code="t">1</subfield>
    <subfield code="w">2017-07-27</subfield>
    <subfield code="y">LB</subfield>
  </datafield>
  <datafield tag="999" ind1=" " ind2=" ">
    <subfield code="c">102368</subfield>
    <subfield code="d">102368</subfield>
  </datafield>
  <controlfield tag="008">170727b2012    mx  |||| |||| 00| 0 spa d</controlfield>
  <datafield tag="020" ind1=" " ind2=" ">
    <subfield code="a">9786070911705 </subfield>
  </datafield>
  <datafield tag="050" ind1=" " ind2=" ">
    <subfield code="a">C K3150 G5618 2012</subfield>
  </datafield>
  <datafield tag="245" ind1=" " ind2=" ">
    <subfield code="a">Glosario de derecho p&#xFA;blico comparado</subfield>
    <subfield code="c">/ coordinador general, Lucio Pegoraro ; coordinadores versi&#xF3;n en espa&#xF1;ol, Eduardo Ferrer Mac-Gregor, Michael N&#xFA;&#xF1;ez-Torres, C&#xE9;sar Astudillo, Gast&#xF3;n Enr&#xED;quez Fuentes, Pedro Torres Estrada </subfield>
  </datafield>
  <datafield tag="260" ind1=" " ind2=" ">
    <subfield code="a">M&#xE9;xico</subfield>
    <subfield code="b">: Porr&#xFA;a</subfield>
    <subfield code="c">, 2012</subfield>
  </datafield>
  <datafield tag="300" ind1=" " ind2=" ">
    <subfield code="a">423 p&#xE1;ginas </subfield>
  </datafield>
  <datafield tag="500" ind1=" " ind2=" ">
    <subfield code="a">Texto en espa&#xF1;ol, incluye t&#xE9;rminos en ingl&#xE9;s</subfield>
  </datafield>
  <datafield tag="519" ind1=" " ind2=" ">
    <subfield code="a">Educaci&#xF3;n Mixta / </subfield>
    <subfield code="b">Derecho / </subfield>
    <subfield code="c">Derecho Internacional P&#xFA;blico (P25-3) / </subfield>
    <subfield code="d">(06 003677)</subfield>
  </datafield>
  <datafield tag="650" ind1=" " ind2="0">
    <subfield code="a">DERECHO P&#xDA;BLICO</subfield>
    <subfield code="e">TERMINOLOGIA</subfield>
  </datafield>
  <datafield tag="700" ind1=" " ind2=" ">
    <subfield code="a">Pegoraro, Lucio</subfield>
    <subfield code="e">editor</subfield>
  </datafield>
  <datafield tag="700" ind1=" " ind2=" ">
    <subfield code="a">Ferrer Mac-Gregor, Eduardo</subfield>
  </datafield>
  <datafield tag="942" ind1=" " ind2=" ">
    <subfield code="2">lcc</subfield>
    <subfield code="c">HMAN</subfield>
  </datafield>
</record>
